[Event "AUTO-BEG-144"]
[Site "http://www.queenalice.com/game.php?id=280376"]
[Date "2007.10.2"]
[Round "1"]
[White "Playoff"]
[Black "umdoistresredondoredondo"]
[Result "0-1"]
[WhiteElo "1382"]
[BlackElo "1789"]

1. d4 d5 2. Bf4 e6 3. a3 Nf6 4. Nc3 Nc6 5. Nb5 Bd6 6. Qd2 Bxf4 7. Qxf4 O-O 8. g4
e5 9. dxe5 Nxg4 10. e6 Bxe6 11. Nxc7 Nd4 12. Nxe6 fxe6 13. Qxd4 Nxf2 14. Bg2
Nxh1 15. Bxh1 Qf6 16. Qxf6 Rxf6 17. Bf3 Rh6 18. h3 Rc8 19. c3 Rg6 20. O-O-O b5
21. e4 dxe4 22. Bxe4 Rf6 23. Bf3 e5 24. Bb7 Rcf8 25. Bd5+ Kh8 26. Bg2 g6 27. Ne2
Rf2 28. Bc6 Rxe2 29. Bxb5 Rh2 30. Bd7 Rff2 31. b4 Rc2+ 32. Kb1 Rb2+ 33. Ka1 e4
34. Be6 e3 35. Re1 Rbe2 36. Rxe2 Rxe2 37. Bc4 Rd2 38. a4 e2 39. Bxe2 Rxe2 40. a5
Rc2 41. b5 Rxc3 42. Kb2 Rxh3 43. b6 Re3 44. bxa7 Re8 45. Kb3 Ra8 46. Kb4 Rxa7
47. Kb5 g5 48. Kb6 Ra8 49. a6 g4 50. Kb7 Rf8 51. a7 g3 52. a8=Q Rxa8 53. Kxa8 g2
0-1

[Event "AUTO-BEG-144"]
[Site "http://www.queenalice.com/game.php?id=280387"]
[Date "2007.10.2"]
[Round "1"]
[White "CJ"]
[Black "Playoff"]
[Result "0-1"]
[WhiteElo "1302"]
[BlackElo "1284"]

1. e4 e5 2. Bc4 h6 3. Qf3 Nf6 4. Nh3 d6 5. g3 b6 6. d3 Bxh3 7. Bb5+ Nbd7 8. c4
a6 9. Ba4 Rb8 10. b3 b5 11. cxb5 axb5 12. Nc3 bxa4 13. Nxa4 Nc5 14. Bd2 Bg4 15.
Qg2 Nxd3+ 16. Kf1 Qc8 17. f3 Bh5 18. g4 Bg6 19. Qe2 Nf4 20. h4 Nxe2 21. Kxe2 d5
22. h5 Bh7 23. exd5 Nxd5 24. Ba5 Qa6+ 25. Kd2 Qxa5+ 26. Ke2 Nf4+ 27. Ke3 Bc5+
28. Nxc5 Qxc5+ 29. Kd2 Qd4+ 30. Kc1 Qxa1+ 0-1

[Event "AUTO-BEG-144"]
[Site "http://www.queenalice.com/game.php?id=280388"]
[Date "2007.10.2"]
[Round "1"]
[White "Playoff"]
[Black "CJ"]
[Result "1-0"]
[WhiteElo "1314"]
[BlackElo "1282"]

1. d4 e6 2. e4 Qf6 3. Nf3 Bb4+ 4. c3 Bd6 5. e5 Qf5 6. exd6 c6 7. Bd3 Qd5 8. Bf4
f6 9. c4 Qa5+ 10. Bd2 Qb6 11. c5 Qd8 12. h4 h5 13. Nh2 f5 14. b4 Nf6 15. Bg5 b6
16. O-O b5 17. Qe2 Na6 18. a3 Bb7 19. Qe5 Rf8 20. Bxf5 Bc8 21. Bg6+ Rf7 22. Bxh5
Bb7 23. Bxf6 gxf6 24. Qg3 Kf8 25. Bxf7 Kxf7 26. h5 Qh8 27. Qg6+ Kf8 28. Ng4 Qg7
29. Qxf6+ Qf7 30. h6 Qxf6 31. Nxf6 Kf7 32. Nxd7 Bc8 33. Ne5+ Kf6 34. Re1 Bb7 35.
Re3 Rh8 36. Rh3 Kf5 37. Nc3 Nb8 38. Re1 a5 39. Ree3 axb4 40. Ref3+ Kg5 41. Ne4#
1-0

[Event "AUTO-BEG-144"]
[Site "http://www.queenalice.com/game.php?id=280395"]
[Date "2007.10.2"]
[Round "1"]
[White "Playoff"]
[Black "BrunoBr"]
[Result "0-1"]
[WhiteElo "1351"]
[BlackElo "1583"]

1. d4 d5 2. Bf4 Nc6 3. Nc3 Nf6 4. Nb5 e5 5. dxe5 a6 6. exf6 axb5 7. fxg7 Bxg7 8.
c3 O-O 9. h3 Bf5 10. e4 Re8 11. Be3 dxe4 12. Qxd8 Raxd8 13. Bxb5 Rd6 14. a4 Red8
15. Ne2 Ne5 16. Bc5 Nd3+ 17. Kf1 Nxc5 18. Nd4 Bxd4 19. cxd4 Rxd4 20. a5 Rd1+ 21.
Ke2 Rxa1 22. Rxa1 Nd3 23. b3 Bd7 24. Bc4 Bc6 25. a6 Nf4+ 26. Kf1 Ra8 27. g3 Nxh3
28. b4 bxa6 29. Rxa6 Rxa6 30. Bxa6 Bd7 31. Ke2 f5 32. f3 exf3+ 33. Kxf3 h6 34.
g4 fxg4+ 35. Kg3 h5 36. Bd3 Kg7 37. Bc2 Kf6 38. Kh4 Be8 39. Be4 Ke5 40. Bd3 Kf4
41. Ba6 Kf3 42. Bb7+ Kf2 43. Bd5 g3 44. Kxh3 Bf7 45. Bb7 Be8 46. Bd5 Bb5 47. Be4
Bf1+ 48. Kh4 g2 49. Bxg2 Bxg2 50. Kxh5 Ke3 51. Kg5 Kd4 52. Kf6 Kc4 53. Ke6 c6
54. Kd6 Kxb4 0-1

[Event "AUTO-BEG-144"]
[Site "http://www.queenalice.com/game.php?id=280396"]
[Date "2007.10.2"]
[Round "1"]
[White "BrunoBr"]
[Black "Playoff"]
[Result "1-0"]
[WhiteElo "1546"]
[BlackElo "1291"]

1. d4 e6 2. e4 a6 3. Nf3 b5 4. c4 Bb7 5. Nc3 Bb4 6. Qc2 h6 7. cxb5 Bxc3+ 8. bxc3
axb5 9. Bxb5 Nf6 10. Bd3 O-O 11. O-O d5 12. e5 Nfd7 13. Rb1 Ba6 14. h3 c5 15.
Bxa6 Nxa6 16. Nh2 Qc8 17. Ng4 cxd4 18. Bxh6 gxh6 19. Nf6+ Nxf6 20. exf6 Rb8 21.
Rxb8 Nxb8 22. Qd2 Qxc3 23. Qxh6 1-0

[Event "AUTO-BEG-146"]
[Site "http://www.queenalice.com/game.php?id=283375"]
[Date "2007.10.9"]
[Round "1"]
[White "Playoff"]
[Black "castlerock"]
[Result "0-1"]
[WhiteElo "1400"]
[BlackElo "1338"]

1. d4 c5 2. d5 d6 3. e4 e6 4. Nc3 Nf6 5. Bg5 Be7 6. Bb5+ Bd7 7. Bxf6 Bxf6 8.
Bxd7+ Nxd7 9. Nge2 O-O 10. g3 Ne5 11. Nf4 Re8 12. h4 exd5 13. Nfxd5 Re6 14. f4
Nc4 15. Qc1 Bxc3+ 16. Nxc3 Qd7 17. f5 Ree8 18. b3 Ne5 19. Qf4 b5 20. h5 b4 21.
Nd5 c4 22. Nxb4 Qb7 23. Nd5 Rac8 24. h6 cxb3 25. axb3 Rxc2 26. Qg5 Nf3+ 27. Kd1
Nxg5 28. Kxc2 Nxe4 0-1

[Event "AUTO-BEG-146"]
[Site "http://www.queenalice.com/game.php?id=283376"]
[Date "2007.10.9"]
[Round "1"]
[White "castlerock"]
[Black "Playoff"]
[Result "1-0"]
[WhiteElo "1318"]
[BlackElo "1420"]

1. e4 b6 2. Nc3 Bb7 3. Nf3 d6 4. d4 h6 5. Bc4 c6 6. O-O d5 7. exd5 cxd5 8. Bb3
Nf6 9. Ne5 e6 10. Ba4+ Ke7 11. b3 a6 12. Ba3+ Qd6 13. Bxd6+ Kxd6 14. b4 b5 15.
Nxf7+ Kc7 16. Nxh8 Bxb4 17. Nxb5+ axb5 18. Bxb5 Na6 19. Nf7 Kb6 20. Qd3 Ne4 21.
Bd7 Bc6 22. Bxe6 Bb5 23. Qd1 Nc3 24. Qg4 Re8 25. Qg6 Ka5 26. a3 Bf8 27. Ne5 Ne2+
28. Kh1 Nf4 29. Qg3 Nxe6 30. Qc3+ Kb6 31. Rfb1 1-0

[Event "Challenge"]
[Site "http://www.queenalice.com/game.php?id=284250"]
[Date "2007.10.10"]
[Round "-"]
[White "Playoff"]
[Black "pocka"]
[Result "1-0"]
[WhiteElo "1368"]
[BlackElo "1208"]

1. e4 e5 2. g3 b5 3. Bg2 Bb7 4. a3 d6 5. Nc3 a6 6. d3 f5 7. Nf3 g6 8. Ng5 Qd7 9.
h4 h6 10. Nf3 Ne7 11. Bh3 Nbc6 12. exf5 gxf5 13. Nh2 Nd4 14. Rg1 Bg7 15. g4 f4
16. Bg2 c6 17. g5 1-0

[Event "AUTO-INT-651"]
[Site "http://www.queenalice.com/game.php?id=287370"]
[Date "2007.10.16"]
[Round "1"]
[White "Playoff"]
[Black "SGrillo"]
[Result "0-1"]
[WhiteElo "1424"]
[BlackElo "1718"]

1. d4 d5 2. Bf4 Bf5 3. Nc3 c6 4. a3 e6 5. b4 Bd6 6. Qd2 Bxf4 7. Qxf4 Nf6 8. Qe5
O-O 9. e3 h6 10. Bd3 Bxd3 11. cxd3 Nh7 12. h4 Qf6 13. Qg3 Nd7 14. Nge2 Qg6 15.
Qxg6 fxg6 16. Nf4 Rf6 17. g3 Raf8 18. e4 g5 19. hxg5 Nxg5 20. e5 R6f7 21. O-O-O
Nf3 22. Nxe6 Re8 23. Nf4 Nxd4 24. Rh4 Nxe5 25. Re1 Ndf3 26. Reh1 Nxh4 27. Rxh4
Nf3 28. Rh1 Re1+ 29. Rxe1 Nxe1 30. Kd1 Nf3 31. Ke2 Nd4+ 32. Kd2 g5 33. Nfe2 Nxe2
34. Nxe2 Rxf2 35. Ke3 Rf7 36. Kd4 Kg7 37. Nc3 h5 38. Ne2 h4 39. gxh4 gxh4 0-1

[Event "AUTO-INT-651"]
[Site "http://www.queenalice.com/game.php?id=287371"]
[Date "2007.10.16"]
[Round "1"]
[White "SGrillo"]
[Black "Playoff"]
[Result "1-0"]
[WhiteElo "1737"]
[BlackElo "1372"]

1. e4 e5 2. Nf3 Bc5 3. Bc4 h6 4. d3 Nf6 5. h3 g5 6. O-O d6 7. Nh2 a6 8. Re1 Nc6
9. Be3 Bxe3 10. Rxe3 h5 11. Rf3 g4 12. hxg4 hxg4 13. Rg3 Nh5 14. Re3 f5 15. exf5
Bxf5 16. Nxg4 Bxg4 17. Qxg4 Ne7 18. Rf3 Nf4 19. g3 Ne2+ 20. Kf1 d5 21. Kxe2 dxc4
22. dxc4 Qd6 23. Rd3 Qc6 24. Nc3 b5 25. cxb5 axb5 26. b4 Rd8 27. Rxd8+ Kxd8 28.
Rd1+ Ke8 29. Ne4 Qxc2+ 30. Rd2 Qc4+ 31. Rd3 Qxa2+ 32. Ke3 Qa7+ 33. Nc5 Rg8 34.
Qh5+ Rg6 35. Qxe5 Qb6 36. Rd7 Qf6 37. Qxf6 Rxf6 38. Rxc7 1-0

[Event "AUTO-INT-651"]
[Site "http://www.queenalice.com/game.php?id=287374"]
[Date "2007.10.16"]
[Round "1"]
[White "Playoff"]
[Black "QueenMalice"]
[Result "0-1"]
[WhiteElo "1437"]
[BlackElo "1556"]

1. d4 d5 2. Bf4 Nc6 3. a3 f6 4. Nc3 e5 5. dxe5 fxe5 6. Bg3 Nf6 7. Bh4 Be7 8. h3
d4 9. Na2 Ne4 10. Bxe7 Qxe7 11. Qd3 Nc5 12. Qf3 e4 13. Qg3 O-O 14. c3 Rf3 15.
gxf3 exf3 16. Nxf3 dxc3 17. Nxc3 Nb3 18. Rd1 Be6 19. Rd3 Na1 20. Kd2 Nb3+ 21.
Ke1 Bc4 22. Re3 Qd7 23. Rg1 g6 24. h4 Ne7 25. h5 Qd6 26. Ne5 Bf7 27. hxg6 Qd2#
0-1

[Event "AUTO-INT-651"]
[Site "http://www.queenalice.com/game.php?id=287375"]
[Date "2007.10.16"]
[Round "1"]
[White "QueenMalice"]
[Black "Playoff"]
[Result "1-0"]
[WhiteElo "1591"]
[BlackElo "1380"]

1. g3 d5 2. Bg2 e5 3. e3 e4 4. f3 Bf5 5. g4 Bg6 6. fxe4 dxe4 7. d3 c6 8. dxe4
Qxd1+ 9. Kxd1 Na6 10. Ne2 Bb4 11. Nf4 Nf6 12. Bf3 O-O-O+ 13. Ke2 Bxe4 14. Bxe4
Nxe4 15. Kf3 Ng5+ 16. Ke2 Bd6 17. Ng2 Nb4 18. Na3 Nd5 19. Nc4 Rhe8 20. Nxd6+
Rxd6 21. Bd2 Ne4 22. Be1 Nef6 23. h3 Rde6 24. Bd2 Ne4 25. Be1 Ng5 26. Kd2 Nxe3
27. Nxe3 Rxe3 28. Bf2 R3e5 29. Bxa7 1-0

[Event "alecarbar"]
[Site "http://www.queenalice.com/game.php?id=291025"]
[Date "2007.10.22"]
[Round "2"]
[White "Playoff"]
[Black "Jerrylaine"]
[Result "0-1"]
[WhiteElo "1426"]
[BlackElo "2095"]

1. d4 c5 2. d5 Nf6 3. a3 d6 4. Nc3 e6 5. e4 exd5 6. exd5 a6 7. h3 b5 8. Bg5 Be7
9. Qe2 O-O 10. Nf3 Nxd5 11. Bxe7 Nxe7 12. Qd3 Bf5 13. Qd2 b4 14. axb4 cxb4 15.
Nd5 Nxd5 16. Qxd5 Be4 17. Qb3 Nc6 18. Rxa6 Qf6 0-1

[Event "Let's Play Chess!"]
[Site "http://www.queenalice.com/game.php?id=291115"]
[Date "2007.10.22"]
[Round "-"]
[White "Playoff"]
[Black "CampbellMarcel"]
[Result "0-1"]
[WhiteElo "1418"]
[BlackElo "1802"]

1. d4 f5 2. Bf4 d6 3. Nc3 Nf6 4. e3 h6 5. d5 a6 6. Bd3 e6 7. dxe6 Bxe6 8. e4
fxe4 9. Bxe4 Nxe4 10. Nxe4 d5 11. Ng3 Bd6 12. Bxd6 Qxd6 13. Nf3 Nd7 14. O-O
O-O-O 15. Re1 Nc5 16. Nd4 Rde8 17. Ngf5 Bxf5 18. Rxe8+ Rxe8 19. Nxf5 Qe5 20. Ne3
d4 21. Nc4 Qf6 22. Nd2 d3 23. c3 Qe5 24. Nf3 Qe2 25. Qxe2 Rxe2 26. Nd4 Rxb2 27.
Nb3 Nxb3 28. axb3 Rxb3 29. c4 Rc3 30. Rd1 Rxc4 31. h3 Rd4 0-1

[Event "Challenge"]
[Site "http://www.queenalice.com/game.php?id=419819"]
[Date "2008.6.19"]
[Round "-"]
[White "Playoff"]
[Black "scarabeli"]
[Result "1-0"]
[WhiteElo "1351"]
[BlackElo "1348"]

1. d4 Nc6 2. e4 d5 3. e5 e6 4. a3 f6 5. Nf3 Nge7 6. exf6 gxf6 7. Bb5 a6 8. Bxc6+
bxc6 9. Nc3 h5 10. h3 h4 11. Bf4 Nf5 12. b4 a5 13. b5 cxb5 14. Nxb5 e5 15. dxe5
Rb8 16. Nc3 Rg8 17. O-O d4 18. Ne4 fxe5 19. Nxe5 c5 20. Nc6 Qb6 21. Nxb8 Bb7 22.
Qh5+ Qg6 23. Qxg6+ Rxg6 24. Nxc5 Bxc5 25. f3 d3+ 26. Kh2 dxc2 27. Rac1 Bxa3 28.
Rxc2 Ke7 29. Rc7+ Kf6 30. Rxb7 Ng3 31. Nd7+ Kf5 32. Bxg3 Rxg3 33. Rb5+ Kf4 34.
Re1 Bb4 35. Ree5 Bc3 36. Rf5+ Ke3 37. Kg1 Ke2 38. Rb1 Bd4+ 39. Kh1 Kf2 40. Rxa5
Rxg2 41. Ra2+ Kg3 42. Rxg2+ Kxf3 43. Rb3+ Ke4 44. Rb4 Kd3 45. Rg4 Bc3 46. Nc5+
Kd2 47. Ne4+ Ke3 48. Nxc3 Kd3 49. Rgc4 Kc2 50. Na2+ Kd3 51. Rc3+ Kd2 52. Rd4+
Ke2 53. Nc1+ Kf2 54. Rd8 Ke1 55. Rc7 Kf2 56. Re7 Kg3 57. Rd3+ Kf2 58. Kh2 Kf1
59. Rf3# 1-0